| 000 | 01160nam a2200265Ia 4500 | ||
|---|---|---|---|
| 999 |
_c49396 _d49396 |
||
| 001 | 16316 | ||
| 003 | GE_BSU | ||
| 005 | 20221115170127.0 | ||
| 008 | 181216s2004||||ge |||||||||||||| ||geo|| | ||
| 020 | _a9994017047 | ||
| 040 | _cGE_BSU | ||
| 041 | _ageo | ||
| 080 | _a341(038) + 81'374.26:341=353.1 თ-29 | ||
| 100 |
_aალექსიძე, ლ. _93938 |
||
| 245 |
_aთანამედროვე საერთაშორისო სამართალი= Contemporary international law : _bლექსიკონი-ცნობარი / _c [ავტ.: ლ. ალექსიძე (პ/მგ რედ.), ლ. გიორგაძე, ზ. დავითაშვილი და სხვ.]. |
||
| 250 | _aმე-2 გამოც. | ||
| 264 |
_aთბილისი : _bჯისიაი, _c2004. |
||
| 300 |
_a417 გვ.; _b24 სმ. |
||
| 500 | _aთავფურ. ინგლ. | ||
| 541 | _h18ლ. | ||
| 653 | _a საერთაშორისო სამართალი | ||
| 653 | _aსამართალი | ||
| 700 |
_aალექსიძე, ლ. _eავტორი _93938 |
||
| 942 |
_cBK _2udc |
||